<?xml version="1.0" encoding="UTF-8"?>
<marc:record xmlns:marc="http://www.loc.gov/MARC21/slim">
   <marc:leader>00000nam a2200000 a 4500</marc:leader>
   <marc:datafield ind1=" " ind2=" " tag="653">
      <marc:subfield code="a">Schokolade</marc:subfield>
   </marc:datafield>
   <marc:datafield ind1=" " ind2=" " tag="653">
      <marc:subfield code="a">Schokokuchen</marc:subfield>
   </marc:datafield>
   <marc:datafield ind1=" " ind2=" " tag="653">
      <marc:subfield code="a">Schokoladenfondue</marc:subfield>
   </marc:datafield>
   <marc:datafield ind1=" " ind2=" " tag="653">
      <marc:subfield code="a">Schokoladenkuchen</marc:subfield>
   </marc:datafield>
   <marc:datafield ind1=" " ind2=" " tag="653">
      <marc:subfield code="a">Schokokuchen ohne Mehl</marc:subfield>
   </marc:datafield>
   <marc:datafield ind1=" " ind2=" " tag="653">
      <marc:subfield code="a">Schoko</marc:subfield>
   </marc:datafield>
   <marc:datafield ind1=" " ind2=" " tag="653">
      <marc:subfield code="a">Mousse au Chocolat</marc:subfield>
   </marc:datafield>
   <marc:datafield ind1=" " ind2=" " tag="653">
      <marc:subfield code="a">Tarte au Chocolat</marc:subfield>
   </marc:datafield>
   <marc:datafield ind1=" " ind2=" " tag="653">
      <marc:subfield code="a">Desserts</marc:subfield>
   </marc:datafield>
   <marc:datafield ind1=" " ind2=" " tag="653">
      <marc:subfield code="a">Desserts und Süßspeisen</marc:subfield>
   </marc:datafield>
   <marc:datafield ind1=" " ind2=" " tag="653">
      <marc:subfield code="a">Kuchen</marc:subfield>
   </marc:datafield>
   <marc:datafield ind1=" " ind2=" " tag="653">
      <marc:subfield code="a">backen</marc:subfield>
   </marc:datafield>
   <marc:datafield ind1=" " ind2=" " tag="653">
      <marc:subfield code="a">Blechkuchen</marc:subfield>
   </marc:datafield>
   <marc:datafield ind1=" " ind2=" " tag="653">
      <marc:subfield code="a">Kuchen backen</marc:subfield>
   </marc:datafield>
   <marc:datafield ind1=" " ind2=" " tag="653">
      <marc:subfield code="a">Cremige Torten</marc:subfield>
   </marc:datafield>
   <marc:datafield ind1=" " ind2=" " tag="653">
      <marc:subfield code="a">Torten</marc:subfield>
   </marc:datafield>
   <marc:datafield ind1=" " ind2=" " tag="653">
      <marc:subfield code="a">Torte</marc:subfield>
   </marc:datafield>
   <marc:datafield ind1=" " ind2=" " tag="653">
      <marc:subfield code="a">Sahnetorte</marc:subfield>
   </marc:datafield>
   <marc:datafield ind1=" " ind2=" " tag="653">
      <marc:subfield code="a">Genuss</marc:subfield>
   </marc:datafield>
   <marc:datafield ind1=" " ind2=" " tag="653">
      <marc:subfield code="a">süße Verführung</marc:subfield>
   </marc:datafield>
   <marc:datafield ind1=" " ind2=" " tag="653">
      <marc:subfield code="a">Schokoholic</marc:subfield>
   </marc:datafield>
   <marc:datafield ind1=" " ind2=" " tag="653">
      <marc:subfield code="a">Alles Schoko</marc:subfield>
   </marc:datafield>
   <marc:datafield ind1=" " ind2=" " tag="653">
      <marc:subfield code="a">Schoki</marc:subfield>
   </marc:datafield>
   <marc:datafield ind1=" " ind2=" " tag="653">
      <marc:subfield code="a">Softcover / Ratgeber/Essen</marc:subfield>
   </marc:datafield>
   <marc:datafield ind1=" " ind2=" " tag="653">
      <marc:subfield code="a">Trinken/Themenkochbücher</marc:subfield>
   </marc:datafield>
   <marc:datafield ind1=" " ind2=" " tag="653">
      <marc:subfield code="a">Schokolade;Schokokuchen;Schokoladenfondue;Schokoladenkuchen;Schokokuchen ohne Mehl;Schoko;Mousse au Chocolat;Tarte au Chocolat;Desserts;Desserts und Süßspeisen;Kuchen;backen;Blechkuchen;Kuchen backen;Cremige Torten;Torten;Torte;Sahnetorte;Genuss;süße Verf</marc:subfield>
   </marc:datafield>
   <marc:datafield ind1="0" ind2="0" tag="245">
      <marc:subfield code="a">Oh làlà, Chocolat! – 70 verführerische Rezepte mit Schokolade</marc:subfield>
   </marc:datafield>
   <marc:datafield ind1="0" ind2="0" tag="245">
      <marc:subfield code="b">Mit saftiger Schokoladentarte, Brownies, Schokoladenfondue und mehr</marc:subfield>
   </marc:datafield>
   <marc:datafield ind1=" " ind2="1" tag="264">
      <marc:subfield code="a">Igling</marc:subfield>
      <marc:subfield code="b">Edition Michael Fischer / EMF Verlag</marc:subfield>
      <marc:subfield code="c">2021</marc:subfield>
   </marc:datafield>
   <marc:datafield ind1=" " ind2=" " tag="250">
      <marc:subfield code="a">1. Auflage</marc:subfield>
   </marc:datafield>
   <marc:datafield ind1="1" ind2=" " tag="520">
      <marc:subfield code="a">Angaben aus der Verlagsmeldung

Oh làlà, Chocolat! – 70 verführerische Rezepte mit Schokolade : Mit saftiger Schokoladentarte, Brownies, Schokoladenfondue und mehr

Oh, làlà! Chocolat – Wer kann da schon Nein sagen?
Es gibt doch kaum etwas, dass so verführerisch ist, wie ein Stückchen Schokolade. Oder vielleicht auch ein Stück Schokoladenkuchen ... Noch besser sind natürlich viele schokoladige Rezepte, die das Sündige zum Soulfood machen. Denn was wäre ein schöner Plausch mit Freundinnen ohne einem leckeren Schokoladenkuchen oder Törtchen? Oder ein gemütlicher Herbsttag ohne eine Tasse heißer, dampfender Schokolade? Richtig! Nicht das selbe.
Hier kommt die Lösung für fast alle Probleme:

Bei diesen 70 unglaublich schokoladigen Rezepten vergisst man jede Sorge!
Egal, ob schokoladig-süß, üppig oder vegan – alle Rezepte sind pures Soulfood
Auf den 144 Seiten wird jeder Wunsch erfüllt: Schokoladenkuchen, Brownies,  heiße Schokolade und vieles mehr!
Mit Tipps und Anleitung für das perfekte conchieren von Schokolade

 
Schade! Ah, Schokolade ...
Mit dem neuen Teil der Reihe, werden die die souligen Titel "We will WOK you!", "Je ne Raclette rien!" und "Voulez vous Fondue avec moi?" durch den süßen Verführer perfekt ergänzt. Für ein genussvolles Beisammensein mit der Familie, Freunden oder auch allein wird ab jetzt jedes Mahl zu einem Festtagsschmaus! 
</marc:subfield>
   </marc:datafield>
   <marc:datafield ind1=" " ind2=" " tag="020">
      <marc:subfield code="a">9783960938644</marc:subfield>
      <marc:subfield code="9">9783960938644</marc:subfield>
   </marc:datafield>
   <marc:datafield ind1=" " ind2=" " tag="020">
      <marc:subfield code="a">3960938640</marc:subfield>
      <marc:subfield code="9">3960938640</marc:subfield>
   </marc:datafield>
   <marc:datafield ind1=" " ind2=" " tag="041">
      <marc:subfield code="a">ger</marc:subfield>
   </marc:datafield>
   <marc:datafield ind1=" " ind2=" " tag="300">
      <marc:subfield code="a">144 Seiten</marc:subfield>
   </marc:datafield>
</marc:record>
